Sports Quiz

Random Sports Quiz

Name every Liverpool manager since 1960 Quiz Stats

 Plays Quiz not verified by Sporcle

Support Sporcle.
Go Orange.
Score 0/14 Timer 05:00
0 Plays Today
Years Answer % Correct
2015 – currentJurgen Klopp
98.4%
1985 – 1991Kenny Dalglish
94.1%
2011 – 2012Kenny Dalglish
94.1%
2004 – 2010Rafa Benitez
93.9%
2012 – 2015Brendan Rodgers
93.3%
1998 – 2004Gerard Houllier
86.4%
2010 – 2011Roy Hodgson
83.1%
Years Answer % Correct
1959 – 1974Bill Shankly
77.9%
1991 – 1994Graeme Souness
74%
1994 – 1998Roy Evans
73.7%
1974 – 1983Bob Paisley
71.3%
1983 – 1985Joe Fagan
48.3%
2001 – 2002Phil Thompson (caretaker)
41.7%
1991 – 1991Ronnie Moran (interim)
32.5%

You're not logged in!

Compare scores with friends on all Sporcle quizzes.
OR
Log In

From the Vault

Compound by Chemical Formula

by jmsk09

The one thing we know about this quiz, is that there's a lot of science involved.
Remove Ads.
Support Sporcle.
Get the best of Sporcle when you Go Orange. This ad-free experience offers more features, more stats, and more fun while also helping to support Sporcle. Thank you for becoming a member.

Show Comments

Extras

Created Apr 18, 2021ReportNominate
Tags:1960, Liverpool, Manager

Top Quizzes Today


Score Distribution

Your Account Isn't Verified!

In order to create a playlist on Sporcle, you need to verify the email address you used during registration. Go to your Sporcle Settings to finish the process.

Report this User

Report this user for behavior that violates our Community Guidelines.

Details: